Podnikateľské modely multinacionálnych podnikov

Teoretické východiská internacionalizácie a multinacionalizácie podnikov. Analýza podnikateľských modelov vybraných multinacionálnych podnikov: Tiffany, Coca-cola, Procter&Gamble a Nintendo. Aplikácia konceptu podnikateľského modelu Canvas.

Na minha lista:
Detalhes bibliográficos
Autor principal: Procházková, Katarína, 1983-
Formato: Capítulo de Livro
Idioma:eslovaco
Assuntos:
Tags: Adicionar Tag
Sem tags, seja o primeiro a adicionar uma tag!

MARC

LEADER 00000naa$a2200000$$$4500
001 0180280
005 20240502073052.9
041 0 |a slo 
044 |a SK 
245 1 0 |a Podnikateľské modely multinacionálnych podnikov  |c Katarína Procházková 
520 |a Teoretické východiská internacionalizácie a multinacionalizácie podnikov. Analýza podnikateľských modelov vybraných multinacionálnych podnikov: Tiffany, Coca-cola, Procter&Gamble a Nintendo. Aplikácia konceptu podnikateľského modelu Canvas. 
610 2 0 |a podnikanie 
610 2 0 |a spoločnosti nadnárodné 
610 2 0 |a modely 
610 2 0 |a podnik 
610 2 0 |a internacionalizácia 
100 1 |a Procházková, Katarína, 1983-